Four eyes / Rex Ogle & Dave Valeza ; with color by ... Read More
Available copies
- 2 of 3 copies available at LARL/NWRL Consortium.
- 1 of 1 copy available at Northwest Regional Library. (Show preferred library)
Current holds
0 current holds with 3 total copies.
Show Only Available Copies
| Location | Call Number / Copy Notes | Barcode | Shelving Location | Status | Due Date |
|---|---|---|---|---|---|
| Greenbush Public Library | j G 921 OGL (Text) | 35500006904914 | Main | Available | - |
| Moorhead Public Library | J G 921 OGL (Text) | 33500013789797 | Main | Available | - |
| Moorhead Public Library | J G 921 OGL (Text) | 33500013789805 | Main | Checked out | 07/15/2026 |
Record details
- ISBN: 9781338574968
- ISBN: 1338574965
- ISBN: 9781338574975
- ISBN: 1338574973
- Physical Description: 218 pages : chiefly color illustrations ; 21 cm
- Edition: First edition.
- Publisher: New York, NY : Graphix, an imprint of Scholastic, 2023.
- Copyright: ©2023
Content descriptions
| Summary, etc.: | "When Rex finds out he needs glasses, he's beyond ... Read More |
| Target Audience Note: | Ages 8-12. Graphix. Grades 4-6. Graphix. |
Search for related items by subject
| Genre: | Biographical comic books, strips, etc. Children's stories > Comic books, strips, etc. School comics. Graphic novels. |
Search for related items by series
| LDR | 02729cam a22007338i 4500 | ||
|---|---|---|---|
| 001 | 412535 | ||
| 003 | LARL_NWRL_CONSORTIUM | ||
| 005 | 20230512211035.0 | ||
| 008 | 200227t20232023nyua j 6 000 1 eng | ||
| 010 | . | ‡a 2020008861 | |
| 040 | . | ‡aDLC ‡beng ‡erda ‡cDLC ‡dOCLCF ‡dORX ‡dOCLCQ ‡dUKMGB ‡dOCO ‡dOI6 ‡dUAP ‡dJAS ‡dAYP | |
| 015 | . | ‡aGBC349078 ‡2bnb | |
| 016 | 7 | . | ‡a020983178 ‡2Uk |
| 019 | . | ‡a1377726457 | |
| 020 | . | ‡a9781338574968 ‡q(paperback) | |
| 020 | . | ‡a1338574965 ‡q(paperback) | |
| 020 | . | ‡a9781338574975 ‡q(hardcover) | |
| 020 | . | ‡a1338574973 ‡q(hardcover) | |
| 020 | . | ‡z9781338574982 ‡q(ebook) | |
| 035 | . | ‡a(OCoLC)1142920377 ‡z(OCoLC)1377726457 | |
| 042 | . | ‡apcc ‡acyac | |
| 082 | 0 | 0. | ‡a741.5/973 ‡223 |
| 100 | 1 | . | ‡aOgle, Rex, ‡eauthor. |
| 245 | 1 | 0. | ‡aFour eyes / ‡cRex Ogle & Dave Valeza ; with color by Ash Szymanik. |
| 250 | . | ‡aFirst edition. | |
| 264 | 1. | ‡aNew York, NY : ‡bGraphix, an imprint of Scholastic, ‡c2023. | |
| 264 | 4. | ‡c©2023 | |
| 300 | . | ‡a218 pages : ‡bchiefly color illustrations ; ‡c21 cm | |
| 336 | . | ‡atext ‡btxt ‡2rdacontent | |
| 336 | . | ‡astill image ‡bsti ‡2rdacontent | |
| 337 | . | ‡aunmediated ‡bn ‡2rdamedia | |
| 338 | . | ‡avolume ‡bnc ‡2rdacarrier | |
| 490 | 0 | . | ‡aFour eyes ; ‡v1 |
| 521 | . | ‡aAges 8-12. ‡bGraphix. | |
| 521 | . | ‡aGrades 4-6. ‡bGraphix. | |
| 520 | . | ‡a"When Rex finds out he needs glasses, he's beyond miserable. Dealing with the bullies at school, his family being broke, and an embarrassing lack of friends, he has way too much on his plate already"-- ‡cProvided by publisher. | |
| 650 | 0. | ‡aGraphic novels. ‡0(LARL_NWRL_CONSORTIUM)40036 | |
| 650 | 0. | ‡aEyeglasses ‡vJuvenile fiction. | |
| 650 | 0. | ‡aEyeglasses ‡vComic books, strips, etc. | |
| 650 | 0. | ‡aMiddle schools ‡vJuvenile fiction. ‡0(LARL_NWRL_CONSORTIUM)173367 | |
| 650 | 0. | ‡aMiddle schools ‡vComic books, strips, etc. | |
| 650 | 0. | ‡aSchools ‡vJuvenile fiction. ‡0(LARL_NWRL_CONSORTIUM)167227 | |
| 650 | 0. | ‡aSchools ‡vComic books, strips, etc. | |
| 650 | 0. | ‡aStepfamilies ‡vJuvenile fiction. | |
| 650 | 0. | ‡aStepfamilies ‡vComic books, strips, etc. | |
| 650 | 0. | ‡aBullying ‡vJuvenile fiction. ‡0(LARL_NWRL_CONSORTIUM)171105 | |
| 650 | 0. | ‡aBullying ‡vComic books, strips, etc. | |
| 650 | 1. | ‡aGraphic novels. ‡0(LARL_NWRL_CONSORTIUM)40036 | |
| 650 | 1. | ‡aEyeglasses ‡vFiction. | |
| 650 | 1. | ‡aMiddle schools ‡vFiction. | |
| 650 | 1. | ‡aSchools ‡vFiction. ‡0(LARL_NWRL_CONSORTIUM)167222 | |
| 650 | 1. | ‡aBullies and bullying ‡vFiction. | |
| 650 | 1. | ‡aStepfamilies ‡vFiction. ‡0(LARL_NWRL_CONSORTIUM)167410 | |
| 655 | 0. | ‡aBiographical comic books, strips, etc. | |
| 655 | 7. | ‡aChildren's stories ‡vComic books, strips, etc. ‡2gsafd | |
| 655 | 7. | ‡aSchool comics. ‡2lcgft | |
| 655 | 7. | ‡aGraphic novels. ‡2lcgft | |
| 700 | 1 | . | ‡aValeza, Dave, ‡eillustrator. |
| 901 | . | ‡a412535 ‡bOCoLC ‡c412535 ‡tbiblio ‡soclc | |

Add to basket
Permalink
Enable Highlighting